000 00284nam a2200121Ia 4500
008 190216s9999||||xx |||||||||||||| ||und||
100 _aTeskey F N
245 0 _aPrinciples Of Text Processing
260 _bEast-West Press
_c1982
300 _a164 p
650 _aComputer
942 _cBK
999 _c8395
_d8395